000 01201nam a2200253Ia 4500
001 282.8-BON ba it (4074)
003 IT-MiSPE
008 171229s9999||||xx |||||||||||||| ||und||
040 _aIT-MiSPE
_cIT-MiSPE
041 _aITALIANO
100 _aBonaventura da Bagnoregio
_gsanto
240 _aItinerarium mentis in Deum; Breviloquium; De reductione artium ad theologiam
245 0 _aItinerario dell'anima a Dio; Breviloquio; Riconduzione delle arti alla teologia
250 _a1a ed. (v)
260 _aMilano
_bRusconi
_c1985
300 _a443 p.
_c22 cm
490 _aClassici del pensiero
_v II
501 _aEdizioni San Paolo srl - Piazza Soncino, 5 - 20092 CINISELLO BALSAMO (MI) (non commercial uses only) ® Copyright 2018
520 _aLetterio Mauro (intr., note)
700 _aLetterio Mauro
_g(traduzione)
942 _cBK
957 _71
999 _a16046
_bNO
_g Copie: 1
_c349517
_d349517